000 00305nam a22001337a 4500
008 170629b xxu||||| |||| 00| 0 eng d
020 _a9780312487997
041 _aeng
080 _24TH
_a82
100 _a22
101 _aGJL
245 _aLITERATURE THE HUMAN EXPERIENCE
_cABCARIAN,R
942 _2udc
_cBK
999 _c19590
_d19590